Регионална библиотека "Любен Каравелов" - Русе

Програма на Съюза на демократичните сили (Запис номер 367476)

MARC детайли
000 -Лидер
Контролно поле с фиксирана дължина nam a22 a 4500
003 - Код на организацията, давaща контролен номер
Контролно поле BLK
005 - Дата и час на последна редакция
Контролно поле 20220304130759.0
008 - Елементи от данни с фиксирана дължина
fixed length control field 200610b bu |||||||||| 00| | bu d
040 ## - Източник на каталожния запис
Идентификатор на билиотеката - собственик на записа BLK
041 ## - Код за език
Код за езика на текст/звукозапис или на отделно заглавие Български
Код за езика КДБФ Български
080 ## - УДК
Текстов определител УДК Политически партии и движения
УДК код - определител по УДК 329
УДК - код + определител 329СДС(497.2)(062)
УДК определител СДС(497.2)(062)
139 ## - Редно поле
Редна дума Програма на Съюза на демократичните сили
Авторски знак Прог - П 90
245 ## - Сведения за заглавието
Заглавие Програма на Съюза на демократичните сили
Подзаглавни данни 1994 - 1998 : Ние познаваме вашите проблеми : Ние споделяме вашите опасения и тревоги : Ние можем да направим живота ви по-добър и по-сигурен : СДС се нуждае от вашата подкрепа за изграждането на нова България
Физически носител (вид на носителя) [Малотир. изд.]
260 ## - Област на издателските данни
9 (RLIN) 441842
Място на издаване, разпространение и проч. б. м.
Име на издателя, разпространителя и проч. б. и.
Година на издаване [1994]
300 ## - Физическа характеристика
Страници 24 с.
Размери/Мащаб 22 см
380 ## - Жанр
Жанр Обществени науки
500 ## - Общи забележки
Забележка С автогр. от Стефан Софиянски.
650 #7 - Допълнително описание по предмет – тема
9 (RLIN) 170459
Основно описание – тема или топоним СДС
653 #7 - Ключова дума – ненормативна
9 (RLIN) 196317
Ключова дума СДС
653 #7 - Ключова дума – ненормативна
9 (RLIN) 193394
Ключова дума партии
653 #0 - Ключова дума – ненормативна
9 (RLIN) 471146
Ключова дума програма
852 ## - Местоположение
Фондова буква Краезнание
Систематично-азбучна сигнатура К 329/П 90
999 ## - СИСТЕМНИ КОНТРОЛНИ НОМЕРА
Koha biblionumber 367476
Koha biblioitemnumber 367476
942 ## - АРТИКУЛИ
Вид на библиотечния материал Книги
Скрит в OPAC Не
Периодичен библиозапис Да
944 ## - СЪЗДАВАНЕ И РЕДАКЦИЯ на ЗАПИСА
Създаване/Редакция Създаване
Дата на регистрацията/редакция 2022-03-04
Служител, извършил регистрацията/редакцията ВП
999 ## - СИСТЕМНИ КОНТРОЛНИ НОМЕРА
Koha biblioitemnumber 367476
Наличности
Код за отписване Код за изгубен артикул Източник на класификационната схема Код за повреда Коз за рестрикции Код за отдаване Артикулен № Име на библиотеката - собственик Име на библиотеката, в която се намира в момента Статус (Текущо местоположение) Дата на вписване в системата Местоположение - отдел Цена в лева Систематично азбучна сигнатура Баркод Цена в евро Служебен тип на артикула
  Не е изгубен Universal Decimal Classification Не е повреден само за читалня ползва се в читалня 874954 Регионална библиотека "Любен Каравелов" Русе Регионална библиотека "Любен Каравелов" Русе Краезнание 2022-03-14 Краезнание 1.00 К 329/П 90 120000868119 0.51 Книги
Vip Innovations Ltd, Rousse, Bulgaria 2025